Mechanismy hospodářské politiky Evropské unie /

Hlavní autor: Šrein, Zdeněk, 1931-2011
Jazyk: Čeština
Vydáno: Praha : Vysoká škola ekonomická, 1999
Vydání: Vyd. 1.
Témata:
Fyzický popis: 369 s. ; 21 cm
Knihy
Uloženo v:
LEADER 01231nam a2200349 a 4500
001 000413710
003 CZ BrMZK
005 20201110162950.0
007 ta
008 990315s1999 xr e p 0 cze d
015 |a cnb000692397 
020 |a 80-7079-946-3 
035 |a (OCoLC)42604739 
040 |a BOA001  |b cze 
043 |a e------ 
072 7 |a 338.3/.4  |x Hospodářská a výrobní odvětví  |2 Konspekt  |9 4 
072 7 |a 37.016  |x Učební osnovy. Vyučovací předměty. Učebnice  |2 Konspekt  |9 22 
080 |a 338.2  |2 MRF 
080 |a (4)  |2 MRF 
080 |a (075.8)  |2 MRF 
100 1 |a Šrein, Zdeněk,  |d 1931-2011  |7 jk01131015  |4 aut 
245 1 0 |a Mechanismy hospodářské politiky Evropské unie /  |c Zdeněk Šrein 
250 |a Vyd. 1. 
260 |a Praha :  |b Vysoká škola ekonomická,  |c 1999 
300 |a 369 s. ;  |c 21 cm 
500 |a Určeno pro stud. na VŠE Praha. - Bibliogr. 
610 2 7 |a Evropská unie  |7 kn20010711086 
650 0 7 |a hospodářská politika  |z země Evropské unie  |7 ph114701  |2 czenas 
655 7 |a učebnice vysokých škol  |7 fd133772  |2 czenas 
910 |a BOA001  |b 2-1058.513 
990 |a BK 
996 6 |b 2610076052  |c 2-1058.513  |l MZK  |r Sklad / do 1 hodiny  |n 24  |p p.v.  |w 000413710  |u 000010  |a 1  |e BOA001  |j MZK50  |s P